Laplace transforms and their applications to differential equations, .. /
Guardado en:
| Autor Principal: | |
|---|---|
| Formato: | Libro |
| Idioma: | English |
| Publicado: |
New York :
Dover Publications,
[1970?, c1962]
|
| Materias: | |
| Etiquetas: |
Agregar Etiqueta
Sin Etiquetas, Sea el primero en etiquetar este registro!
|
| LEADER | 00903cam a2200229 a 4500 | ||
|---|---|---|---|
| 001 | MAT.inmabb005607 | ||
| 008 | 700813t19701962nyua#####b####001#0#eng## | ||
| 005 | 20130320100804.0 | ||
| 245 | 1 | 0 | |a Laplace transforms and their applications to differential equations, .. / |c by N. W. McLachlan. |
| 260 | |a New York : |b Dover Publications, |c [1970?, c1962] | ||
| 300 | |a xiv, 218 p. : |b il. ; |c 22 cm. | ||
| 500 | |a First-2nd ed. publicadas bajo el título: Modern operational calculus. | ||
| 504 | |a Bibliografía: p. 212. | ||
| 510 | 4 | |a MR, |c 26 #2823 |3 (de la 2.ª ed.) | |
| 100 | 1 | |a McLachlan, N. W. |q (Norman William), |d 1888- | |
| 700 | 1 | |a McLachlan, N. W. |q (Norman William), |d 1888- |t Modern operational calculus. |4 ant | |
| 650 | 0 | |a Calculus, Operational. | |
| 650 | 0 | |a Laplace transformation. | |
| 084 | |a 44A10 |2 msc2000 | ||
| 010 | |a 67029360 | ||
| 040 | |a DLC |c DLC |d DLC | ||
| 859 | |h 44 |i M161 |p A-2850 |b BIB. MATEMATICA | ||
